000 01541mam a2200325 a 4500
001 3032991
003 ARRUPE
005 20161129121450.0
008 000405s2001 ncuab b s001 0 eng
010 _a 00039250
020 _a0807825891 (cloth : alk. paper)
020 _a0807849030 (pbk. : alk. paper)
035 _a(OCoLC)ocm43864396
040 _aDLC
_cDLC
_dC#P
_dOrLoB-B
043 _an-us---
_af-rh---
050 0 0 _aE183.8.Z55
_bH67 2001
082 0 0 _a327.7306891
_221
100 1 _aHorne, Gerald.
_927711
245 1 0 _aFrom the barrel of a gun :
_bthe United States and the war against Zimbabwe, 1965-1980 /
_cGerald Horne.
260 _aChapel Hill :
_bUniversity of North Carolina Press,
_cc2001.
300 _a389 p. :
_bill., map ;
_c25 cm.
440 _aSouthern African Political Economy series
_926374
504 _aIncludes bibliographical references (p. [287]-362) and index.
505 0 0 _gI.
_tPreamble --
_tIntroduction: Rhodesia Retreats.
_g1.
_tToward Zimbabwe --
_gII.
_tPower.
_g2.
_tThe White Atlantic.
_g3.
_tWhite (Cultural and Ideological) Power --
_gIII.
_tPolicy.
_g4.
_tWhite House, Checkered Policy.
_g5.
_tThe Business of War --
_gIV.
_tPeople.
_g6.
_tSoldiers of Fortune.
_g7.
_tAfricans and African Americans.
_tConclusion: Zimbabwe, South Africa, and the United States.
650 _aUnited States
_xForeign relations
_zZimbabwe
_927712
651 0 _aZimbabwe
_xForeign relations
_zUnited States
_927713
651 0 _aZimbabwe
_xForeign relations
_y1965-1980
_925947
900 _bTOC
942 _2lcc
_cMONOGRAPH
999 _c125814
_d125814